000 00512nam a2200181Ia 4500
003 LDD
008 181101s9999 xx 000 0 und d
020 _a9788175874763
_c80.00
040 _cLDD
100 _aFarooqui, Shamsur Rehman
245 0 _aAsbaat-o-nafi
_cShamsur Rehman Farooqui
260 _aNew Delhi
_bMaktaba Jamia Ltd.
_c2011
300 _a220p.
901 _a15920
_b17-03-2017
902 _a2840
_b17-03-2017
_cF
_dPIBD
_e8U
903 _a20
_bReqst by : Mohd. Akbar
942 _2ddc
_cUR
999 _c200
_d200